Statistiche per Bandiere degli Stati satellite della Francia rivoluzionaria

Clicka qui per fare il quiz!

Statistiche generali

  • Questo quiz è stato fatto 4 volte
  • Il punteggio medio è 10 su 22

Statistiche sulle risposte

Risposta% Corretto
Confederazione Svizzera
100%
Repubblica Elvetica
100%
Regno di Spagna
67%
Repubblica Cisalpina
67%
Repubblica Cremasca
67%
Repubblica Italiana
67%
Repubblica Transpadana
67%
Confederazione del Reno
33%
Ducato di Varsavia
33%
Regno di Etruria
33%
Regno di Napoli
33%
Regno d'Italia
33%
Regno d'Olanda
33%
Repubblica Batava
33%
Repubblica Cispadana
33%
Repubblica Cisrenana
33%
Repubblica di Connacht
33%
Repubblica di Danzica
33%
Repubblica Ligure
33%
Repubblica Lucchese
33%
Repubblica Partenopea
33%
Repubblica Romana
33%

Distribuzione punteggi

Percentile per numero di risposta

Percentuale di utenti per punteggio

I tuoi punteggi nel tempo

Non hai fatto questo quiz